00277nam a2200121Ia 4500008004100000041000900041082001900050100001900069245002500088260002600113300000800139650000800147230718s9999 xx 000 0 und d aEng. a342.509bZAF-C aZafar , M. A  0aConstitution Islamic aPakistanbManzoor law a239 aLaw